01163nam a2200193Ia 4500001001100000003001000011008004100021040002500062041001300087100003100100245006500131250001100196260008500207300001200292500026400304501011400568520026400682650002300946L248-15755IT-CnALBA170116s9999||||xx |||||||||||||| ||und|| aIT-CnALBAcIT-CnALBA aITALIANO aPEZZALI PIETRO, MONSIGNORE 0aUNA BUONA PAROLA ALLE NOSTRE DONNE. VOL. II: DONNA E SPOSA.  a1a ed. aMILANObDAVERIO GIOVANNI EDITORE c1925 [1° Ed.:1925 - Ed.Ling.Originale: 1925] a290 p.  aMARIA E LA DONNA. DONNA E PIETÀ. LA DOMENICA: S. MESSA E DOTTRINA. SACRAMENTI. DIVOZIONE AL CROCIFISSO. A MARIA. ROSARIO. DEFUNTI. DONNA E LAVORO. LA DESOLATA. DONNA E VERGINITÀ. DONNA FORTE E PRUDENTE. LA MADDALENA, SAMARITANA. L'ADULTERA. AMORE CONIUGAL aSocietà San Paolo EM - Piazza San Paolo, 14 - 12051 ALBA (CN) (non commercial uses only) ® Copyright 2017 aMARIA E LA DONNA. DONNA E PIETÀ. LA DOMENICA: S. MESSA E DOTTRINA. SACRAMENTI. DIVOZIONE AL CROCIFISSO. A MARIA. ROSARIO. DEFUNTI. DONNA E LAVORO. LA DESOLATA. DONNA E VERGINITÀ. DONNA FORTE E PRUDENTE. LA MADDALENA, SAMARITANA. L'ADULTERA. AMORE CONIUGAL aASCETICA E MISTICA